[Event "North American Open"]
[Site "Las Vegas USA"]
[Date "2010.12.28"]
[Round "4"]
[White "Langer,M USA"]
[Black "Kaidanov,G"]
[Result "0-1"]
[WhiteElo "2261"]
[BlackElo "2582"]

1.e4 c5 2.Nf3 e6 3.d3 d5 4.Qe2 Ne7 5.g3 Nbc6 6.Bg2 g6 7.c3 Bg7 8.O-O h6 9.h4 O-O
10.e5 Nf5 11.Bf4 b5 12.Nbd2 Rb8 13.Rfc1 Rb6 14.Bh3 Re8 15.Nf1 b4 16.N1h2 Ba6
17.Ng4 bxc3 18.bxc3 h5 19.Ne3 d4 20.Nxf5 exf5 21.c4 f6 22.e6 Bc8 23.Re1 Bxe6
24.Bg2 Bf7 25.Qd2 Rxe1+ 26.Rxe1 Bf8 27.a3 Bd6 28.Bxd6 Qxd6 29.a4 Kg7 30.Kh2 Rb4
31.Qa2 f4 32.Nd2 fxg3+ 33.fxg3 Ne5 34.Ne4 Qc7 35.Qe2 Ng4+ 36.Kg1 Qe5 37.Bh3 f5
38.Bxg4 hxg4 39.Qd2  0-1

[Event "Saint Louis Invitational"]
[Site "Saint Louis USA"]
[Date "2011.03.05"]
[Round "3"]
[White "Kaidanov,G"]
[Black "Perelshteyn,E"]
[Result "1-0"]
[WhiteElo "2569"]
[BlackElo "2533"]

1.d4 Nf6 2.c4 e6 3.Nc3 Bb4 4.e3 b6 5.Ne2 Ba6 6.Ng3 Bxc3+ 7.bxc3 d5 8.Ba3 Bxc4
9.Bxc4 dxc4 10.O-O Qd7 11.e4 Qb5 12.e5 Nd5 13.Qg4 g6 14.Ne4 Qa4 15.Bc1 Nc6
16.Bg5 Nce7 17.Nf6+ Nxf6 18.Bxf6 Rf8 19.Bxe7 Kxe7 20.Qh4+ Kd7 21.Qxh7 Qc2
22.Qh3 Qf5 23.Qe3 Rh8 24.f4 Rag8 25.h3 Rh7 26.Rf3 g5 27.fxg5 Qxg5 28.Qf2 Ke8
29.Kh2 Rhg7 30.Rg1 Qg6 31.g4 Qe4 32.Rf4 Qd5 33.Rg3 Rh8 34.g5 Rhg8 35.h4 Rh8
36.Rfg4 Rg6 37.Rf3 Rg7 38.Rh3 Rgh7 39.Qf6 Kd7 40.h5 Kc6 41.h6 b5 42.Qf3 a5
43.a3 Qxf3 44.Rxf3 Kd7 45.Kg3 Ke7 46.Kf2 c6 47.Ke3 Rg8 48.Rf6 Rhh8 49.Kf4 Rh7
50.Rg3 Rhh8 51.Kg4 Rh7 52.Kh5 Rgh8 53.Rgf3 Ke8 54.Kg4 Ke7 55.Rh3 Rg8 56.g6 fxg6
57.Kg5 Rhh8 58.Rhf3 Rf8 59.Rxf8 Rxf8 60.h7  1-0

[Event "Platonov Memorial 2012"]
[Site "Rockville USA"]
[Date "2012.07.29"]
[Round "2.2"]
[White "Kaidanov,G"]
[Black "Mihalcisin,A"]
[Result "1/2-1/2"]
[WhiteElo "2586"]
[BlackElo "2513"]

1.d4 d5 2.c4 dxc4 3.e3 e5 4.Bxc4 exd4 5.exd4 Bd6 6.Nf3 Nf6 7.O-O O-O 8.Nc3 Nc6
9.h3 h6 10.Re1 Bf5 11.d5 Ne7 12.Nd4 Bd7 13.Be3 a6 14.a3 Re8 15.Rc1 Ng6 16.Nf3  1/2-1/2

[Event "Platonov Memorial 2012"]
[Site "Rockville USA"]
[Date "2012.07.30"]
[Round "3.3"]
[White "Gurevich,M"]
[Black "Kaidanov,G"]
[Result "1/2-1/2"]
[WhiteElo "2596"]
[BlackElo "2586"]

1.g3 d5 2.Bg2 c5 3.c4 d4 4.d3 e5 5.Nf3 Nc6 6.O-O Nf6 7.e3 Be7 8.exd4 exd4
9.Re1 O-O 10.Ne5 Nxe5 11.Rxe5 Bd6 12.Re1 h6 13.Nd2 Bg4 14.Bf3 Bxf3 15.Qxf3 Re8
16.Ne4 Nxe4 17.Rxe4 Rxe4  1/2-1/2

[Event "Yinzhou Cup CHN-USA"]
[Site "Ningbo CHN"]
[Date "2013.07.20"]
[Round "2.3"]
[White "Wen Yang"]
[Black "Kaidanov,G"]
[Result "1/2-1/2"]
[WhiteElo "2593"]
[BlackElo "2577"]

1.d4 Nf6 2.c4 e6 3.g3 d5 4.Nf3 dxc4 5.Bg2 Bb4+ 6.Bd2 a5 7.O-O O-O 8.e3 b5
9.a4 bxa4 10.Ne5 Nd5 11.Rxa4 Ba6 12.Bxb4 axb4 13.Re1 c6 14.Nxc4 Nd7 15.Nbd2 c5
16.Qa1 Bxc4 17.Nxc4 Rxa4 18.Qxa4 cxd4 19.exd4 N7f6 20.Qa7 Qc8 21.Rc1 Qc6
22.Qc5 Qa6 23.Qa5 Qc6 24.Qc5 Qa6 25.Qa5 Qc6 26.Qc5  1/2-1/2

[Event "Yinzhou Cup CHN-USA"]
[Site "Ningbo CHN"]
[Date "2013.07.22"]
[Round "4.3"]
[White "Kaidanov,G"]
[Black "Lu Shanglei"]
[Result "1/2-1/2"]
[WhiteElo "2577"]
[BlackElo "2536"]

1.d4 d5 2.c4 e6 3.Nf3 Nf6 4.g3 dxc4 5.Bg2 c5 6.O-O Nc6 7.dxc5 Qxd1 8.Rxd1 Bxc5
9.Nbd2 c3 10.bxc3 O-O 11.Nb3 Be7 12.c4 Bd7 13.Bb2 Rfd8 14.Nfd4 Nxd4 15.Bxd4 Rac8
16.Bxa7 Rxc4 17.Bxb7 Rc7 18.Na5 Rc2 19.Bf3 Rdc8 20.Nb3 g5 21.a4 Rb2 22.Nc1 Nd5
23.Nd3 Rb7 24.Bd4 Rc4 25.Ne5 Rxa4 26.Rac1 f6 27.Nxd7 Rxd7 28.e4 Nf4 29.Be3 Nd3
30.Rc8+ Kg7 31.Rc6 Ne5 32.Rxd7 Nxc6 33.Rc7 Ne5 34.Rxe7+ Kf8 35.Rxe6 Nxf3+
36.Kg2 Kf7 37.Rd6 g4 38.h3  1/2-1/2

[Event "Yinzhou Cup CHN-USA"]
[Site "Ningbo CHN"]
[Date "2013.07.23"]
[Round "5.3"]
[White "Kaidanov,G"]
[Black "Zhou Weiqi"]
[Result "1-0"]
[WhiteElo "2577"]
[BlackElo "2616"]

1.Nf3 Nf6 2.c4 c6 3.Nc3 d5 4.e3 a6 5.b3 g6 6.Bb2 Bg7 7.Be2 O-O 8.O-O Bg4
9.h3 Bxf3 10.Bxf3 e6 11.d3 Nbd7 12.Qc2 Rc8 13.Rad1 Qe7 14.g3 b5 15.Bg2 Nb6
16.cxd5 cxd5 17.Qd2 Nfd7 18.d4 Qb4 19.Ne2 Qxd2 20.Rxd2 Rc7 21.Bc3 Rfc8 22.Ba5 Bf8
23.Nf4 Rb7 24.Nd3 Nb8 25.Rc1 Rxc1+ 26.Nxc1 Nc6 27.Bxb6 Rxb6 28.Nd3 Rb8 29.Rc2 Nb4
30.Nxb4 Bxb4 31.Bf1 a5 32.a4 bxa4 33.bxa4 Rb7 34.Bb5 h5 35.Kf1 Kf8 36.Ke2 Ke7
37.Rc8 Bd6 38.g4 hxg4 39.hxg4 g5 40.Rg8 Kf6 41.f4 Rb8 42.fxg5+ Ke7 43.Rg7 Kf8
44.Rh7 Kg8 45.g6 Rb7 46.Be8 Rb2+ 47.Kf3 fxg6 48.Rd7 Bh2 49.Bf7+ Kf8 50.Bxe6 Bg1
51.Bxd5 Rf2+ 52.Ke4 Rg2 53.Kf3 Rf2+ 54.Ke4 Rg2 55.Kf3 Rf2+ 56.Kg3 Re2 57.Rf7+ Ke8
58.Rf1 Rxe3+ 59.Bf3 Rxf3+ 60.Kxf3 Bxd4 61.Ke4 Bc3 62.Rc1 Bd2 63.Rc7  1-0